Ελλάδα ή Κύπρος - Statistics

General Stats
  • This quiz has been taken 37 times
  • The average score is 16 of 24
Answer Stats
Hint Answer % Correct
Έχει την Κατερίνη Ελλάδα
88%
Έχει το Άγιο Όρος Ελλάδα
82%
Η σημαία της είναι γαλανόλευκη Ελλάδα
82%
Υπήρξε ο Μινωικός πολιτισμός Ελλάδα
82%
Έχει τον Παρθενώνα Ελλάδα
82%
Έχει την Τρόοδο Κύπρος
82%
Το χαλούμι είναι χαρακτηριστικό τυρί της Κύπρος
82%
Το βόρειο κομμάτι της κατέχει παράνομα η Τουρκία Κύπρος
82%
Έχει την Αγία Νάπα Κύπρος
82%
Οι κάτοικοι της μιλούν ελληνικά Και οι 2
79%
Η Κοιτίδα της δημοκρατίας Ελλάδα
76%
Η κυρία της θρησκεία είναι η ορθοδοξία Και οι 2
76%
Είναι γεννέτηρα της Αφροδίτης Κύπρος
73%
Ρα Λευκαρίτικα κεντήματα φτιάχνονται εκεί Κύπρος
70%
Κατέχει μέρος της το Ηνωμένο Βασίλειο Κύπρος
70%
Είναι μέλος της Ευρωζώνης Και οι 2
70%
Έχει το νησί της Γυάρου Ελλάδα
67%
Κέρδισε την ανεξαρτησία το 1960 Κύπρος
67%
Έχει την Παραλίμνη Κύπρος
67%
Είναι μέλος της Ευρωπαϊκής Ένωσης Και οι 2
64%
Κέρδισε την ανεξαρτησία της από την Οθωμανική Αυτοκρατορία Ελλάδα
42%
Μέλος του Χώρου Σένγκεν Ελλάδα
39%
Έχει βουνό Όλυμπο Και οι 2
24%
Έγινε εκεί η ναυμαχία της Σαλαμίνας Και οι 2
6%
No matching quizzes found
Score Distribution
Percent of People with Each Score
Percentile by Number Answered
Your Score History
You have not taken this quiz